| 000 -LEADER |
| fixed length control field |
00316nam a2200109Ia 4500 |
| 008 - FIXED-LENGTH DATA ELEMENTS--GENERAL INFORMATION |
| fixed length control field |
210107s9999 xx 000 0 und d |
| 100 ## - MAIN ENTRY--PERSONAL NAME |
| Personal name |
MCA |
| 245 #0 - TITLE STATEMENT |
| Title |
Merchant Shipping Notices, Marine guidance notes and Marine information notes cosolidated to jan,1999 |
| 260 ## - PUBLICATION, DISTRIBUTION, ETC. |
| Place of publication, distribution, etc. |
London |
| Name of publisher, distributor, etc. |
HMSO |
| 490 ## - SERIES STATEMENT |
| Volume/sequential designation |
Vol.I |
| 942 ## - ADDED ENTRY ELEMENTS (KOHA) |
| Koha item type |
Books |